[Event "ch-TUR w 2012"]
[Site "Kemer TUR"]
[Date "2012.02.02"]
[Round "8"]
[White "Ayazmali,Gizem"]
[Black "Oney,Gulumser"]
[Result "1/2-1/2"]
[WhiteElo "1578"]
[BlackElo "1726"]

1.e4 d5 2.exd5 Qxd5 3.Nc3 Qd6 4.d4 Nf6 5.Nf3 a6 6.g3 Bg4 7.Bg2 Nc6 8.O-O O-O-O
9.d5 Nb4 10.h3 Bh5 11.Bf4 Qc5 12.Be3 Qa5 13.g4 Bg6 14.Ne5 Nbxd5 15.Nxd5 Nxd5
16.Qf3 c6 17.Nxf7 Bxf7 18.Qxf7 Nxe3 19.Qe6+ Kb8 20.Qxe3 Qc7 21.Rad1 Rd6 22.Rd3 Rg8
23.Rfd1 g6 24.Rxd6 exd6 25.Qe6 Rg7 26.Qe8+ Qc8 27.Re1 Rc7 28.h4 Qxe8 29.Rxe8+ Rc8
30.Rxc8+ Kxc8 31.h5 gxh5 32.gxh5 Bg7 33.b3  1/2-1/2

[Event "Moscow Open 2012 A"]
[Site "Moscow RUS"]
[Date "2012.02.02"]
[Round "6.71"]
[White "Chizhikov,V"]
[Black "Prokopchuk,Y"]
[Result "1/2-1/2"]
[WhiteElo "2249"]
[BlackElo "2331"]

1.e4 d5 2.exd5 Qxd5 3.Nc3 Qd6 4.d4 Nf6 5.Nf3 c6 6.g3 Bg4 7.Bg2 e6 8.O-O Be7
9.Bf4 Qd8 10.Qd2 Nbd7 11.Ne5 Nxe5 12.Bxe5 O-O 13.Nd1 Bf5 14.Ne3 Bg6 15.c4 Ne4
16.Qe2 Qd7 17.Rad1 Nd6 18.h4 f6 19.Bf4 Bf7 20.Bh3 f5 21.Bg2 Bf6 22.Be5 Qe7
23.c5 Bxe5 24.dxe5 Nb5 25.a4 Nc7 26.Rd6 f4 27.Nc4 Nd5 28.Be4 fxg3 29.fxg3 Bg6
30.Bxg6 hxg6 31.Qg4 Rxf1+ 32.Kxf1 Qf7+ 33.Ke2 Re8 34.a5 Kh8 35.Nd2 Rf8 36.Nf3 Nc7
37.Qe4 Nb5 38.Rd1 a6 39.Kf2 Nc7 40.Kg2 Nd5 41.Rd3 Kg8 42.Rb3 Kh8 43.Kh3 Kg8
44.Nh2 g5 45.hxg5 Qh5+ 46.Qh4 Qg6 47.Rf3 Rxf3 48.Nxf3 Ne3 49.Qf4 Qd3 50.Nh4 Nd5
51.Qf2 g6 52.Kh2 Qe4 53.Qf3 Qc2+ 54.Kh3 Kg7 55.Ng2 Qxb2 56.Qe4 Qf2 57.Nh4 Qf1+
58.Kh2 Qf2+ 59.Kh3 Ne7 60.Qc4 Qf7 61.Qb3 Qf1+ 62.Kh2 Qe2+ 63.Ng2 Qxe5 64.Nf4 Kf7
65.Qxb7 Qxc5 66.Qxa6 e5 67.Ng2 e4 68.Qa8 Qxg5 69.a6 Qh5+ 70.Kg1 Qd1+  1/2-1/2

[Event "ch-TUR 2012"]
[Site "Kemer TUR"]
[Date "2012.02.03"]
[Round "8"]
[White "Sabahi,A"]
[Black "Bulgurlu,Okan"]
[Result "1/2-1/2"]
[WhiteElo "1960"]
[BlackElo "1739"]

1.e4 d5 2.exd5 Qxd5 3.Nc3 Qd6 4.d4 Nf6 5.Be2 g6 6.Nf3 Bg7 7.Nb5 Qb6 8.Bf4 Nd5
9.Bc1 c6 10.Nc3 Bf5 11.a3 Nd7 12.O-O Qc7 13.Nh4 Be6 14.Ne4 h6 15.f4 f5 16.Nxg6 fxe4
17.Nxh8 Bxh8 18.Bh5+ Kd8 19.f5 Bg8 20.c3 b5 21.Qg4 N5f6 22.Qg6 Kc8 23.Qxh6 Kb7
24.Bf4 Qd8 25.Be2 Qf8 26.a4 a6 27.axb5 cxb5 28.h4 Bd5 29.b3 Bxb3 30.Rfb1 Qf7
31.c4 Bxc4 32.Bxc4 Qxc4  1/2-1/2

[Event "ch-TUR w 2012"]
[Site "Kemer TUR"]
[Date "2012.02.03"]
[Round "9"]
[White "Arkan,Yaren"]
[Black "Ayan,Bengu Sena"]
[Result "0-1"]
[WhiteElo "1633"]
[BlackElo "1398"]

1.e4 d5 2.exd5 Qxd5 3.Nc3 Qd6 4.d4 c6 5.h3 Bf5 6.Nf3 Nd7 7.Bc4 e6 8.Nh4 Bg6
9.Nxg6 hxg6 10.Be3 Ngf6 11.Bb3 Qc7 12.Qe2 Bb4 13.Qd3 Nd5 14.Bxd5 cxd5 15.Bd2 Bxc3
16.Bxc3 a6 17.a4 Nb6 18.Ba5 Qc6 19.Bxb6 Qxb6 20.O-O O-O 21.a5 Qc6 22.Rfe1 Rac8
23.c3 Qc4 24.Qxc4 Rxc4 25.Ra3 Rfc8 26.Rea1 Kf8 27.Rb3 R8c7 28.Kf1 Ke7 29.Ke2 Kd7
30.Rb6 R4c6 31.Rxc6 Kxc6 32.Kd3 Kb5 33.b3 g5 34.g3 f6 35.Re1 Re7 36.Ra1 Rc7
37.b4 g6 38.Kc2 Kc4 39.Re1 Re7 40.h4 g4 41.Re3 f5 42.Re5 Re8 43.Re3 Re7 44.f3 gxf3
45.Rxf3 e5 46.Re3 e4 47.Kb2 Rf7 48.Ka3 f4 49.gxf4 Rxf4 50.Rg3 Rxh4 51.Rxg6 Rh7
52.Rg3 Rf7 53.Rg1 e3 54.Rg3 Re7 55.Rg1 e2 56.Re1 Kxc3 57.Rc1+ Kd2 58.Rb1 e1=Q
59.Rxe1 Rxe1 60.Kb2 Kd3 61.Kb3 Rb1+ 62.Ka3 Kc3 63.Ka2 Rxb4 64.Ka3 Rb5 65.Ka4 Kxd4
66.Ka3 Kc4 67.Ka4 Kc3  0-1

[Event "Moscow Open Women 2012"]
[Site "Moscow RUS"]
[Date "2012.02.03"]
[Round "7.26"]
[White "Bezgodova,M"]
[Black "Batrak,A"]
[Result "1-0"]
[WhiteElo "2226"]
[BlackElo "1906"]

1.e4 d5 2.exd5 Qxd5 3.Nc3 Qd8 4.d4 Nf6 5.Bc4 c6 6.h3 Bf5 7.Nf3 b5 8.Bd3 Bxd3
9.Qxd3 g6 10.O-O Bg7 11.Ne5 O-O 12.Ne2 a6 13.a4 Nfd7 14.Nxd7 Nxd7 15.Bd2 e5
16.d5 Nc5 17.Qe3 Nxa4 18.b3 Nb6 19.dxc6 Qc7 20.Ba5 Rfb8 21.Qc5 Bf8 22.Qc3 Rc8
23.Rad1 Qxc6 24.Qxe5 Bg7 25.Qe3 Nd5 26.Qf3 Nc3 27.Rd8+ Bf8 28.Qxc6 Nxe2+
29.Kh1 Rxc6 30.Rxa8 Kg7 31.c3 Bc5 32.g3 Bd6 33.Rd8 Bc7 34.Rc8 Bxa5 35.Rxc6 Bxc3
36.Rxa6  1-0

[Event "ch-TUR 2012"]
[Site "Kemer TUR"]
[Date "2012.02.04"]
[Round "9"]
[White "Kinsiz,O"]
[Black "Zor,Alber Kadir"]
[Result "1-0"]
[WhiteElo "2213"]
[BlackElo "1879"]

1.e4 d5 2.exd5 Qxd5 3.Nc3 Qd6 4.d4 Nf6 5.Bc4 g6 6.Nge2 Bg7 7.Bf4 Qd8 8.Qd2 O-O
9.h4 c6 10.h5 b5 11.Bd3 Na6 12.Ne4 Nc7 13.hxg6 fxg6 14.Bh6 Rf7 15.Ng5 Bxh6
16.Rxh6 Rg7 17.O-O-O Ne6 18.Nxe6 Bxe6 19.Nf4 Bf7 20.Qe2 Qd6 21.Qf3 Rd8 22.g4 Nd5
23.Nh5 Nb4 24.Nxg7 Nxa2+ 25.Kd2 Kxg7 26.Rdh1 Bg8 27.c3 c5 28.d5 Qxd5 29.Qxd5 Rxd5
30.Kc2 c4 31.Be4 Re5 32.f3 b4 33.R6h2 b3+ 34.Kd2 Re6 35.Bb1 Rf6 36.Rf2 Bd5
37.Rhf1 Ra6 38.f4 Kf6 39.Re2 Be6 40.f5 Rd6+ 41.Ke3 gxf5 42.gxf5 Bf7 43.Rd2 Rxd2
44.Kxd2 h5 45.Ke3 Ke5 46.Rg1 a5 47.Rg7 Kf6 48.Rh7 a4 49.Rh6+ Kg7 50.Ra6 Be8
51.Kf4 Nc1 52.Kg5 Nd3 53.Ra7 Kf8 54.f6 e5 55.Rc7 h4 56.Rxc4 Nf4 57.Kxh4 Kf7
58.Kg5 Bd7 59.Bf5 Ne6+ 60.Bxe6+ Kxe6 61.Kg6 Be8+ 62.Kg7 Kd5 63.Rxa4 e4 64.Ra8  1-0

[Event "ch-TUR 2012"]
[Site "Kemer TUR"]
[Date "2012.02.04"]
[Round "9"]
[White "Yildirim,M"]
[Black "Bucak,Mehmet"]
[Result "1-0"]
[WhiteElo "1867"]
[BlackElo "1555"]

1.e4 d5 2.exd5 Qxd5 3.Nc3 Qd6 4.Nf3 c6 5.h3 Nf6 6.Bc4 e6 7.O-O Be7 8.d4 Nbd7
9.Re1 b5 10.Bd3 Nb6 11.a3 a5 12.Bg5 Nc4 13.Qc1 Qc7 14.b3 Nb6 15.Ne5 Nfd5
16.Bxe7 Nxe7 17.Ne4 Ng6 18.Nc5 Nd7 19.Nexd7 Bxd7 20.c4 Qf4 21.Qc3 Qc7 22.Nxd7 Kxd7
23.cxb5 Nf4 24.bxc6+ Qxc6 25.Qxc6+ Kxc6 26.Be4+ Nd5 27.Rac1+ Kd6 28.Rc5 f5
29.Bxd5 exd5 30.Re5 g6 31.Rexd5+ Ke6 32.Rxa5 Rxa5 33.Rxa5 Rd8 34.d5+ Rxd5
35.Rxd5 Kxd5 36.b4 Kc4 37.Kf1 h5 38.Ke2 g5 39.Ke3  1-0

[Event "Moscow Open 2012 A"]
[Site "Moscow RUS"]
[Date "2012.02.04"]
[Round "8.27"]
[White "Chekhov,S"]
[Black "Kovalenko,I"]
[Result "1/2-1/2"]
[WhiteElo "2437"]
[BlackElo "2587"]

1.e4 d5 2.exd5 Qxd5 3.Nc3 Qd6 4.d4 Nf6 5.Nf3 Bg4 6.Be2 a6 7.h3 Bh5 8.Ne5 Bxe2
9.Nxe2 Nbd7 10.Nxd7 Qxd7 11.c3 e6 12.O-O Bd6 13.Bf4 O-O 14.Bxd6 cxd6 15.Nf4 Rad8
16.Re1 Rfe8 17.Qb3 Kh8 18.Rad1 b5 19.Ra1 Qc8 20.Qd1 Qb7 21.Nh5 Nd5 22.Qf3 Rd7
23.a4 Rc8 24.axb5 Qxb5 25.Ra2 a5 26.Rea1 Ra7 27.Qg3 g6 28.Nf4 Nb6 29.h4 Nc4
30.h5 Rg8 31.b3 Nb6 32.hxg6 hxg6 33.d5 e5 34.Qg5 Kh7 35.c4 Qd7 36.Ne2 a4
37.Nc3 Kg7 38.Nxa4 Nxa4 39.Rxa4 Rxa4 40.Rxa4 Rb8 41.Ra3 Qc8 42.Qe7 Qf5 43.b4 Rh8
44.Rh3 Rxh3 45.gxh3 Qb1+ 46.Kg2 Qxb4 47.Qc7 Qa3 48.Qb6 Kf6 49.Qd8+ Kg7 50.Qb6 g5
51.Qd8 Kg6 52.Qg8+ Kf6 53.Qd8+ Kf5 54.Qc8+  1/2-1/2

[Event "Schachbundesliga 2011-12"]
[Site "Emsdetten GER"]
[Date "2012.02.05"]
[Round "9"]
[White "Burg,T"]
[Black "Glek,I"]
[Result "1/2-1/2"]
[WhiteElo "2462"]
[BlackElo "2408"]

1.e4 d5 2.exd5 Qxd5 3.Nc3 Qd8 4.d4 Nf6 5.Nf3 Bg4 6.Bc4 e6 7.h3 Bxf3 8.Qxf3 c6
9.O-O Be7 10.Rd1 O-O 11.Bf1 Nbd7 12.g3 a5 13.Bg2 a4 14.Ne4 Nxe4 15.Qxe4 Nb6
16.Qe2 a3 17.b3 Bf6 18.c4 Bxd4 19.Be3 e5 20.Bxd4 exd4 21.Qe5 Re8 22.Qc5 d3
23.Rd2 Qf6 24.Rad1 Nd7 25.Qh5 g6 26.Qf3 Qxf3 27.Bxf3 Nc5 28.b4 Na4 29.b5 cxb5
30.Bxb7 bxc4 31.Bxa8 Rxa8 32.Rc1 Nb2 33.f4 Kg7 34.Kf2 Kf6 35.Ke3 Rc8 36.Kd4 Ke6
37.Re1+ Kd6 38.Kc3 f6 39.Kd4 Na4 40.Rc1 Nb2 41.Rc3 Ra8 42.Rxc4 Nxc4 43.Kxc4 Ra4+
44.Kxd3 Kd5 45.Ke3+ Ke6 46.Rd3 h5 47.Rb3 Ra6 48.Rc3 Kd5 49.Rc8 Re6+ 50.Kd3 Re1
51.Rd8+ Kc5 52.Rc8+ Kd5 53.Rd8+ Kc5 54.Rc8+  1/2-1/2

[Event "TCh-BEL 2011-12"]
[Site "Belgium BEL"]
[Date "2012.02.12"]
[Round "8.3"]
[White "Bok,B"]
[Black "Glek,I"]
[Result "1/2-1/2"]
[WhiteElo "2488"]
[BlackElo "2408"]

1.e4 d5 2.exd5 Qxd5 3.Nc3 Qd8 4.d4 Nf6 5.Nf3 Bg4 6.Bc4 e6 7.h3 Bxf3 8.Qxf3 c6
9.Ne2 Nbd7 10.O-O Bd6 11.b3 O-O 12.Bb2 e5 13.Ng3 exd4 14.Bxd4 Ne5 15.Qc3 Nxc4
16.Qxc4 Bxg3 17.fxg3 Nd5 18.Bc5 Re8 19.Qg4 Nf6 20.Qf3 Qd5 21.Qxd5 Nxd5 22.Bd4 b6
23.c4 Ne3 24.Bxe3 Rxe3 25.Rad1 Kf8 26.Rd6 Rc8 27.Rfd1 Ke8 28.Kf2 Re6 29.Rd7 Re7
30.R7d4 c5 31.Rd5 f6 32.g4 Rc6 33.Rd8+ Kf7 34.R1d7 Re6 35.Rxe7+ Rxe7 36.Kf3 g6
37.a4 Re1 38.Rh8 Rb1 39.Rxh7+ Ke6 40.Rxa7 Rxb3+ 41.Ke2 Rb2+ 42.Kd3 Rxg2 43.Ra6 Ke5
44.Rxb6 Rg3+ 45.Kc2 Rxh3 46.Rc6 Kd4 47.Rxf6 Rh2+ 48.Kd1 Kxc4 49.Rxg6 Kb4
50.g5 Kxa4 51.Rg8 Kb4 52.g6 Rg2 53.g7 Kc3 54.Rc8 Rxg7 55.Rxc5+ Kd3 56.Rd5+ Ke4  1/2-1/2

[Event "Bronshoj Lang Weekend 2012"]
[Site "Copenhagen DEN"]
[Date "2012.02.12"]
[Round "5"]
[White "Larsen,TorKe"]
[Black "Nguyen Thu Giang"]
[Result "1-0"]
[WhiteElo "1968"]
[BlackElo "2118"]

1.e4 d5 2.exd5 Qxd5 3.Nc3 Qd6 4.d4 a6 5.g3 Nc6 6.Bf4 Qd8 7.d5 Nb8 8.Bg2 Nf6
9.Nge2 g6 10.Qd4 Bf5 11.O-O-O Nbd7 12.h3 Rg8 13.g4 g5 14.Bg3 Bg6 15.Rhe1 Bg7
16.Qc4 Rc8 17.f4 b5 18.Qb4 gxf4 19.Bxf4 Nb6 20.Nd4 Nbxd5 21.Nxd5 Nxd5 22.Bxd5 c5
23.Bc6+ Rxc6 24.Nxc6 Qb6 25.Qxc5  1-0

[Event "TCh-CZE Liga 1 Zapad"]
[Site "Czech Rep CZE"]
[Date "2012.02.12"]
[Round "8.1"]
[White "Docekal,J"]
[Black "Jirovsky,M"]
[Result "0-1"]
[WhiteElo "2307"]
[BlackElo "2466"]

1.e4 d5 2.exd5 Qxd5 3.Nc3 Qd6 4.Bc4 Nf6 5.d3 a6 6.a4 Nc6 7.Nge2 Bf5 8.Ng3 Bg6
9.O-O e6 10.Re1 Qd7 11.Bg5 Be7 12.Nce2 Nd5 13.Bxe7 Ncxe7 14.Bxd5 Nxd5 15.Qd2 O-O
16.Nf4 Rad8 17.Nxg6 hxg6 18.Ne4 e5 19.Nc3 f6 20.Re4 Nf4 21.Ne2 Ne6 22.Qe3 g5
23.h4 gxh4 24.Rxh4 Kf7 25.Rf1 Rh8 26.Rxh8 Rxh8 27.f4 exf4 28.Nxf4 Nxf4 29.Qxf4 Qc6
30.c3 Re8 31.Rf2 Re1+ 32.Rf1 Re7 33.Rf2 Qd5 34.d4 Qh5 35.Qd2 Re4 36.Rf3 Qh4
37.Qd3 Qe1+ 38.Rf1 Qe2 39.Qg3 Re7 40.Qh3 c6 41.Rf3 Qxb2 42.Qh5+ Kg8 43.Qg4 Qe2
44.Qc8+ Kf7 45.Qh8 Qd1+ 46.Kh2 Re1 47.Qh5+ Kg8 48.Kg3 Re4 49.Kh2 Re1 50.Kg3 Qe2
51.Qf5 Qe8 52.Kh2 Qb8+ 53.Kh3 Rh1+ 54.Kg4 Qe8 55.Kg3 Qe1+ 56.Rf2 Qxc3+ 57.Rf3 Qe1+
58.Rf2 Qe8 59.Rf4 Rh5 60.Qd3 Qe1+ 61.Kf3 Qe6 62.Re4 Qf5+ 63.Ke2 Kh7 64.Kd2 Kh6
65.Kc3 Qa5+ 66.Kb3 b5 67.Qe3+ Kh7 68.d5 bxa4+ 69.Ka3 Qxd5  0-1

[Event "TCh-FIN SM-Liiga 2011-12"]
[Site "Turku FIN"]
[Date "2012.02.12"]
[Round "9.6"]
[White "Vainio,V"]
[Black "Koykka,P"]
[Result "1/2-1/2"]
[WhiteElo "2203"]
[BlackElo "2217"]

1.e4 d5 2.exd5 Qxd5 3.Nc3 Qd6 4.g3 Nf6 5.Bg2 Bg4 6.Bf3 Bxf3 7.Nxf3 Nc6 8.O-O e6
9.d4 Be7 10.Qd3 O-O 11.Bf4 Qd7 12.Rad1 Rfd8 13.Ne4 Qd5 14.Nc3 Qh5 15.Kg2 Nxd4
16.Nxd4 c5 17.Nce2 cxd4 18.Qf3 Qc5 19.Qxb7 e5 20.b4 Qd6 21.Rxd4 Qe6 22.Rxd8+ Rxd8
23.Be3 Nd5 24.Bc5 Bg5 25.c4 Nb6 26.Bxb6 axb6 27.Qe4 Rc8 28.c5 bxc5 29.b5 Qxa2
30.b6 Qe6 31.b7 Rb8 32.Rb1 f5 33.Qf3 e4 34.Qa3 Be7 35.Nf4 Qc6 36.Qa2+ c4
37.Rc1 Qxb7 38.Qxc4+ Kh8 39.Kg1 Bg5 40.Qe6 Bxf4 41.gxf4 Rf8 42.Rc5 Rd8 43.Qxf5 Qb1+
44.Kg2 Qd3 45.Rc8  1/2-1/2

[Event "3rd Novy Bor Open"]
[Site "Novy Bor CZE"]
[Date "2012.02.13"]
[Round "3"]
[White "Vaclavicek,L"]
[Black "Kucera,P3"]
[Result "1/2-1/2"]
[WhiteElo "1842"]
[BlackElo "2179"]

1.e4 d5 2.exd5 Qxd5 3.Nc3 Qd6 4.d4 Nf6 5.Nf3 a6 6.a4 Nc6 7.Be2 Bg4 8.Be3 Bxf3
9.Bxf3 O-O-O 10.O-O e5 11.d5 Nb8 12.b4 Qxb4 13.Qd3 Qd6 14.Rfb1 Be7 15.Rb3 e4
16.Nxe4 Qxd5 17.Nxf6 Qxf3 18.gxf3 Rxd3 19.Rxd3 Bxf6 20.Bd4 Bxd4 21.Rxd4 Nc6
22.Rg4  1/2-1/2

[Event "ch-Central Serbia w 2012"]
[Site "Pozarevac SRB"]
[Date "2012.02.15"]
[Round "3.1"]
[White "Petrovic,Tijana"]
[Black "Petrovic,Tamara"]
[Result "1/2-1/2"]
[WhiteElo "1667"]
[BlackElo "1712"]

1.e4 d5 2.exd5 Qxd5 3.Nc3 Qd6 4.d4 c6 5.Nf3 Bg4 6.Be2 g6 7.h3 Bd7 8.O-O Bg7
9.Be3 Nf6 10.Qd2 Qb4 11.b3  1/2-1/2

[Event "ch-ROU Men 2012"]
[Site "Sarata Monteoru ROU"]
[Date "2012.02.15"]
[Round "4.38"]
[White "Popescu,Daniel-Vasilica"]
[Black "Gavrilescu,David"]
[Result "1-0"]
[WhiteElo "2069"]
[BlackElo "1800"]

1.e4 d5 2.exd5 Qxd5 3.Nc3 Qd6 4.Nf3 c6 5.d4 Bg4 6.Be3 Nf6 7.Be2 Nbd7 8.a3 e6
9.b4 Qc7 10.h3 Bf5 11.Nh4 Nd5 12.Nxd5 cxd5 13.Nxf5 exf5 14.O-O Bd6 15.Bd3 f4
16.Bd2 O-O 17.Rc1 Qb6 18.c3 Nf6 19.Qf3 Qc7 20.c4 dxc4 21.Rxc4 Qb8 22.a4 Rc8
23.Rfc1 Rxc4 24.Rxc4 g6 25.b5 Bc7 26.a5 Bd6 27.g3 Nh5 28.g4 Ng7 29.Be4  1-0

[Event "Vladimir Petrov Mem A 2012"]
[Site "Jurmala LAT"]
[Date "2012.02.17"]
[Round "6.4"]
[White "Khalifman,A"]
[Black "Kovalenko,I"]
[Result "0-1"]
[WhiteElo "2632"]
[BlackElo "2587"]

1.e4 d5 2.exd5 Qxd5 3.Nc3 Qd6 4.d4 Nf6 5.Nf3 Bg4 6.h3 Bh5 7.g4 Bg6 8.Ne5 Nbd7
9.Bf4 Nxe5 10.dxe5 Qb4 11.Bd2 Ne4 12.Bg2 Nxd2 13.Qxd2 Rd8 14.Qe2 e6 15.O-O c6
16.Ne4 Bxe4 17.Qxe4 Qxe4 18.Bxe4 Bc5 19.c3 Rd2 20.b4 Bb6 21.a4 Re2 22.Bf3 Rc2
23.a5 Bc7 24.a6 Rxc3 25.axb7 Rxf3 26.Rxa7 Bb8 27.Ra6 Kd7 28.Rc1 Bxe5 29.Rc5 Bd6
30.Rcxc6 Bc7 31.Kg2 Rf4 32.b5 Rb8 33.Ra7 Rb4 34.Rc5 Bb6  0-1

[Event "TCh-CAT 2012"]
[Site "Catalunya ESP"]
[Date "2012.02.18"]
[Round "4.2"]
[White "Fluvia Poyatos,Joa"]
[Black "Magem Badals,J"]
[Result "1/2-1/2"]
[WhiteElo "2490"]
[BlackElo "2545"]

1.e4 d5 2.exd5 Qxd5 3.Nc3 Qd6 4.d4 Nf6 5.Nf3 g6 6.Be2 Bg7 7.O-O O-O 8.h3 a6
9.Ne5 c5 10.Nc4 Qxd4 11.Nb6 Ra7 12.Be3 Qe5 13.Ncd5 Nxd5 14.Qxd5 Qxd5 15.Nxd5 b6
16.Nxb6 Bxb2 17.Rad1 Be6 18.c4 Rc7 19.Nd5 Bxd5 20.Rxd5 Nd7 21.Rfd1 Bd4 22.Bxd4 cxd4
23.R5xd4 Nc5 24.Rb1 f5 25.Bf3 Kf7 26.Rb6 e6 27.Rdd6 Ke7 28.Kf1 Rd8 29.Rdc6 Rdc8
30.Rd6 Rd7 31.Rdc6 Rdc7 32.Rd6 Rd7 33.Rdc6  1/2-1/2

[Event "50th TCh-DEN XtraCon 2011-12"]
[Site "Denmark DEN"]
[Date "2012.02.19"]
[Round "7.1"]
[White "Hagen,Andr"]
[Black "Danielsen,Hen"]
[Result "1-0"]
[WhiteElo "2454"]
[BlackElo "2543"]

1.e4 d5 2.exd5 Qxd5 3.Nc3 Qd6 4.d4 Nf6 5.Nf3 c6 6.Ne5 Nbd7 7.Nc4 Qc7 8.Qf3 Nb6
9.Bf4 Qd7 10.h3 Nxc4 11.Bxc4 Qxd4 12.Bd3 e5 13.Bg3 Ba3 14.Nb5 cxb5 15.Bxb5+ Bd7
16.Bxd7+ Nxd7 17.Qxa3 Qe4+ 18.Kf1 Qxc2 19.Kg1 f6 20.Kh2 Qc5 21.Qa4 Qc6 22.Qa3 Qa6
23.Qb4 Qb6 24.Qa3 h5 25.f3 h4 26.Be1 Rc8 27.Rd1 a6 28.Rd6 Rc6 29.Ba5 Qc5
30.Bb4 Qc4 31.Rhd1 Rxd6 32.Rxd6 Nb8 33.Rb6 Qf4+ 34.Kh1 Qc1+ 35.Kh2 Qc8 36.Qd3 Kf7
37.Qd5+ Kg6 38.Rxb7  1-0

[Event "ch-ROU Men 2012"]
[Site "Sarata Monteoru ROU"]
[Date "2012.02.19"]
[Round "9.47"]
[White "Bratu,G"]
[Black "Carapit,V"]
[Result "1/2-1/2"]
[WhiteElo "1876"]
[BlackElo "1849"]

1.e4 d5 2.exd5 Qxd5 3.Nc3 Qd6 4.d4 a6 5.Nf3 Nf6 6.Be2 Bg4 7.Be3 e6 8.Qd2 Nbd7
9.O-O O-O-O 10.Ng5 Bxe2 11.Qxe2 Qe7 12.a3 h6 13.Nf3 Nd5 14.Nxd5 exd5 15.b4 c6
16.Qd3 Qf6 17.Nd2 Nb6 18.Rfb1 Na4 19.Qb3 b5 20.c4 Nb6 21.cxb5 axb5 22.Rc1 Kd7
23.Qc2 Rc8 24.Nf3 Nc4 25.Qc3 Bd6 26.a4 Rhd8 27.axb5 cxb5 28.Ra7+ Ke8 29.Qd3 Rd7
30.Rxd7 Kxd7 31.Ra1 Rc7 32.Qb3 Qe6 33.g3 Nxe3 34.fxe3 Qe4 35.Nd2 Qf5 36.Rf1 Qe6
37.Qd3 Rb7 38.e4 Bxb4 39.exd5 Qxd5 40.Ne4 f5 41.Rxf5 Qc4  1/2-1/2

[Event "ACP Women Cup 2012"]
[Site "Tbilisi GEO"]
[Date "2012.02.19"]
[Round "5.4"]
[White "Kosintseva,T"]
[Black "Zatonskih,A"]
[Result "0-1"]
[WhiteElo "2513"]
[BlackElo "2506"]

1.e4 d5 2.exd5 Qxd5 3.Nc3 Qd6 4.d4 c6 5.Nf3 Bg4 6.Be2 Nf6 7.h3 Bh5 8.g4 Bg6
9.Ne5 Nbd7 10.Bf4 Nxe5 11.Bxe5 Qd7 12.f4 e6 13.O-O h5 14.g5 Ne4 15.Bd3 Ng3
16.Bxg6 Nxf1 17.Bxf7+ Qxf7 18.Qxf1 Qf5 19.Qg2 Kf7 20.Ne4 Rd8 21.Rf1 h4 22.c3 Be7
23.Kh2 Rd7 24.Qe2 Qg6 25.b4 a5 26.b5 cxb5 27.Qxb5 Rd5 28.Qe2 b5 29.Rf3 Rc8
30.Qd3 Qf5 31.Rf2 Kg8 32.Rg2 Rc4 33.Qf3 b4 34.cxb4 axb4 35.Nf6+ Bxf6 36.gxf6 Rc2
37.fxg7 Ra5 38.Qb3 Rxg2+ 39.Kxg2 Qe4+ 40.Kf2 Qd5 41.Qxd5 exd5 42.Bd6 Rxa2+
43.Kf3 b3  0-1

[Event "TCh-ISR 2011-12"]
[Site "Israel ISR"]
[Date "2012.02.24"]
[Round "9.1"]
[White "Rozentalis,E"]
[Black "Gofshtein,L"]
[Result "1/2-1/2"]
[WhiteElo "2586"]
[BlackElo "2504"]

1.e4 d5 2.exd5 Qxd5 3.Nc3 Qd6 4.d4 Nf6 5.Nf3 a6 6.Be2 Nbd7 7.O-O e6 8.Bg5 b5
9.Bh4 Bb7 10.Bg3 Qc6 11.a4 b4 12.Nb1 Bd6 13.Nbd2 O-O 14.Nb3 Qd5 15.c4 bxc3
16.bxc3 Bxg3 17.hxg3 Rfd8 18.c4 Qf5 19.Qd2 Bxf3 20.Bxf3 Rab8 21.Qc3 c5 22.Rfd1 Rdc8
23.d5 Qe5 24.Qc2 Qc7 25.dxe6 fxe6 26.Re1 Ne5 27.Nd2 Rd8 28.Ne4 Rd4 29.Ng5 Re8
30.Qe2 Nd3 31.Red1 Ne5 32.Re1 Nd3 33.Reb1 Qe5 34.Qxe5 Nxe5 35.Rb6 a5 36.Be2 Nxc4
37.Rc6 Nd2 38.Bb5 Nde4 39.Nxe6 Rd2 40.Nxc5 Red8 41.Rf1 Nxc5 42.Rxc5 Kf8 43.Rc7 Nd5
44.Ra7 Nc3 45.Re1 Rd1 46.Rxd1 Rxd1+ 47.Kh2 Ra1 48.f3 Ra2 49.g4 h6 50.Kg3 g5
51.Ra6 Nxb5 52.axb5 Kg7 53.Kh3 a4 54.g3 Rb2 55.Ra7+ Kf6 56.f4 Rxb5 57.f5 Rb6
58.Rxa4 Rc6 59.Ra7 Rb6 60.Rh7 Ke5 61.Rh8 Ra6 62.Re8+ Kf6 63.Kg2 Kf7 64.Re3 Kf6
65.Kf3 Kf7 66.Rd3 Kg7 67.Ke4 Kf6 68.Rd4 Rb6 69.Rc4 Rb3 70.Rc6+ Kg7 71.Rc7+ Kf6
72.Rc6+ Kg7 73.Ke5 Re3+ 74.Kd6 Kf7 75.Rc7+ Kf6 76.Rh7 Rd3+ 77.Kc5 Rxg3 78.Rxh6+ Kf7
79.Kd5 Rxg4 80.Ke5 Ra4 81.Rh7+ Kg8 82.Rd7 Ra5+ 83.Kf6 Ra6+ 84.Kxg5  1/2-1/2

[Event "TCh-CAT 2012"]
[Site "Catalunya ESP"]
[Date "2012.02.25"]
[Round "5.1"]
[White "Torrecillas Martinez,A"]
[Black "Magem Badals,J"]
[Result "0-1"]
[WhiteElo "2424"]
[BlackElo "2545"]

1.e4 d5 2.exd5 Qxd5 3.Nc3 Qd6 4.d4 Nf6 5.Nf3 g6 6.Nb5 Qb6 7.c4 c6 8.c5 Qd8
9.Nc3 Bg7 10.Bc4 O-O 11.O-O Bg4 12.Be3 Nbd7 13.h3 Bxf3 14.Qxf3 e6 15.Rad1 Nd5
16.Nxd5 exd5 17.Bd3 a5 18.b3 Re8 19.a3 Nf8 20.Bc2 Ne6 21.Qg3 b6 22.cxb6 Qxb6
23.Qh4 f5 24.Rd3 f4 25.Bxf4 Nxd4 26.Rd2 Nxb3 27.Rdd1 Nd4 28.Bd3 c5 29.Rb1 Qf6
30.Bg5 Qf7 31.Be3 Qf6 32.Bg5 Qe5 33.Rb7 c4 34.Bb1 Rab8 35.Ra7 Nb5 36.Rxa5 Nc3
37.Bc2 Qe2 38.Bf6 Bxf6 39.Qxf6 Qe5 40.Qh4 Ra8 41.Rxa8 Rxa8 42.f4 Qe2 43.Rf2 Qe1+
44.Kh2 Ne2  0-1

[Event "TCh-CAT 2012"]
[Site "Catalunya ESP"]
[Date "2012.02.25"]
[Round "5"]
[White "Asis Gargatagli,H"]
[Black "Grafl,F"]
[Result "1-0"]
[WhiteElo "2462"]
[BlackElo "2391"]

1.e4 d5 2.exd5 Qxd5 3.Nc3 Qd6 4.d4 Nf6 5.Nf3 c6 6.Ne5 Nbd7 7.Nc4 Qc7 8.Qf3 Nb6
9.Bf4 Qd7 10.Nxb6 axb6 11.O-O-O e6 12.Bc4 Nd5 13.Ne4 Nxf4 14.Qxf4 Be7 15.Bb3 b5
16.Rhe1 O-O 17.Re3 Bd8 18.Rg3 Qc7 19.Qf3 b6 20.Kb1 Bb7 21.Rd3 c5 22.dxc5 bxc5
23.Nf6+ Kh8 24.Rh3 Bxf6 25.Rxh7+ Kg8 26.Rh8+ Kxh8 27.Qh5+ Kg8 28.Rh3 Bh4
29.Rxh4 f6 30.Bxe6+  1-0

[Event "TCh-CZE Liga1 Vychod"]
[Site "Czech Rep CZE"]
[Date "2012.02.26"]
[Round "9"]
[White "Beil,M"]
[Black "Kanok,J"]
[Result "1-0"]
[WhiteElo "2174"]
[BlackElo "2192"]

1.e4 d5 2.exd5 Qxd5 3.Nc3 Qd6 4.d4 Nf6 5.Nf3 a6 6.g3 b5 7.Bg2 Bb7 8.O-O e6
9.Re1 Be7 10.Bf4 Qb6 11.a4 c5 12.axb5 axb5 13.Rxa8 Bxa8 14.Qe2 Bc6 15.Bxb8 Qxb8
16.d5 Bxd5 17.Nxd5 Nxd5 18.Ne5 Qb7 19.Nxf7  1-0

[Event "ch-Moscow S/F 2012"]
[Site "Moscow RUS"]
[Date "2012.02.26"]
[Round "1"]
[White "Glushkov,L"]
[Black "Kostin,K"]
[Result "0-1"]
[WhiteElo "1958"]
[BlackElo "2289"]

1.e4 d5 2.exd5 Qxd5 3.Nc3 Qd6 4.Bc4 Nf6 5.Nge2 a6 6.d3 b5 7.Bb3 Bb7 8.f3 Nbd7
9.Bf4 e5 10.Bg3 Nh5 11.Ne4 Qg6 12.Qd2 Be7 13.Qc3 f5 14.Qxc7 Bc6 15.Bxe5 fxe4
16.Nd4 Nxe5 17.Qxe5 Bd7 18.g4 Nf6 19.dxe4 Qh6 20.Ke2 Qh3 21.Nf5 Bxf5 22.gxf5 Qg2+
23.Ke3 Kf8 24.Rag1 Ng4+ 25.Kf4 Qxh1 26.Rxg4 Qxh2+ 27.Rg3 Qh6+ 28.Kg4 Qh4+  0-1

[Event "ch-POL 2012"]
[Site "Warsaw POL"]
[Date "2012.02.26"]
[Round "9"]
[White "Dragun,K"]
[Black "Tomczak,J"]
[Result "1-0"]
[WhiteElo "2420"]
[BlackElo "2543"]

1.e4 d5 2.exd5 Qxd5 3.Nc3 Qd6 4.d4 Nf6 5.Nf3 g6 6.g3 Bg7 7.Bg2 Qa6 8.Bf4 c6
9.Qe2 Bf5 10.O-O-O Qxe2 11.Nxe2 h6 12.h3 g5 13.g4 Bxc2 14.Kxc2 gxf4 15.Nxf4 Na6
16.Ne5 Rd8 17.Kb3 Nc7 18.h4 Nfd5 19.Bxd5 Nxd5 20.Nh5 Rg8 21.Rhg1 f6 22.Nc4 Kf7
23.f4 Nc7 24.Ne3 e6 25.f5 Rge8 26.g5 hxg5 27.hxg5 fxg5 28.f6 Bf8 29.Nc4 e5
30.Nxe5+ Ke6 31.f7 Re7 32.Rxg5 Nb5 33.Rg6+ Kd5 34.Nf6+ Kd6 35.Nfd7+ Re6 36.Rg8 Ke7
37.Rf1 Nxd4+ 38.Kc4 Rxe5 39.Nxe5 b5+ 40.Kc3 Ne2+ 41.Kc2 Nd4+ 42.Kb1  1-0

[Event "ch-POL w 2012"]
[Site "Warsaw POL"]
[Date "2012.02.26"]
[Round "9"]
[White "Matras Clement,A"]
[Black "Rajlich,I"]
[Result "0-1"]
[WhiteElo "2305"]
[BlackElo "2428"]

1.e4 d5 2.exd5 Qxd5 3.Nc3 Qd6 4.d4 Nf6 5.Nf3 a6 6.Bc4 Be6 7.Qe2 Bxc4 8.Qxc4 Nc6
9.O-O e6 10.Bg5 O-O-O 11.Rad1 Qb4 12.Qxb4 Bxb4 13.d5 Bxc3 14.dxc6 Rxd1 15.Rxd1 Bxb2
16.cxb7+ Kb8 17.Rb1 Rd8 18.Kf1 Bc3 19.Rb3 Ba5 20.Be3 Nd5 21.Ne5 Nxe3+ 22.fxe3 Rd1+
23.Kf2 Rd2+ 24.Kf3 Bb6 25.c4 f6 26.Nd3 Rc2 27.Nf4 Kxb7 28.Nxe6 Rxc4 29.Nxg7 Rc2
30.a3 c5 31.Nf5 c4 32.Rb4 Kc6 33.h4 Rc3 34.a4 Kc5 35.Rb1 Rb3 36.Rc1 Kb4 37.Ke4 Bc5
38.Nd4 Bxd4 39.exd4 c3 40.Kd3 c2+ 41.Kd2 Rc3 42.Rxc2 Rxc2+ 43.Kxc2 Kxa4 44.Kd3 Kb5
45.g4 a5 46.g5 fxg5 47.hxg5 Kb4 48.Ke4 a4 49.d5 Kc5  0-1

[Event "ch-Moscow S/F 2012"]
[Site "Moscow RUS"]
[Date "2012.02.29"]
[Round "4"]
[White "Morozov,Egor"]
[Black "Bukhteeva,V"]
[Result "0-1"]
[WhiteElo "1934"]
[BlackElo "2173"]

1.e4 d5 2.exd5 Qxd5 3.Nc3 Qd6 4.d4 a6 5.Nf3 Nf6 6.Be2 Nc6 7.h3 Bf5 8.a3 O-O-O
9.Be3 e5 10.dxe5 Qe6 11.Qc1 Nxe5 12.Nd4 Qd7 13.O-O Bd6 14.f4 Nc6 15.Nxf5 Qxf5
16.g4 Qe6 17.Bf3 Rhe8 18.Re1 h6 19.Kg2 Qc4 20.Be2 Qe6 21.Bf3 Re7 22.Bxc6 bxc6
23.Bc5 Qxe1 24.Qxe1 Rxe1 25.Rxe1 Bxc5  0-1

[Event "32nd TCh-IND 2012"]
[Site "Panaji IND"]
[Date "2012.03.01"]
[Round "5"]
[White "Satyapragyan,S"]
[Black "Palit,S"]
[Result "1-0"]
[WhiteElo "2436"]
[BlackElo "2399"]

1.e4 d5 2.exd5 Qxd5 3.Nc3 Qd8 4.d4 Nf6 5.Bf4 c6 6.Qd2 Bf5 7.O-O-O e6 8.Nge2 Nbd7
9.Ng3 Bg6 10.h4 h5 11.Bd3 Bxd3 12.Qxd3 Nb6 13.Nce4 Nxe4 14.Nxe4 Qd5 15.Kb1 O-O-O
16.Bh2 Rd7 17.Qg3 Kd8 18.Rhe1 Nc8 19.Rd3 Rh7 20.Qb8 b6 21.Nc5 bxc5 22.dxc5 Bxc5
23.Rxd5 cxd5 24.Rd1 f6 25.b4 Bf8 26.Rd3 d4 27.Bc7+ Rxc7 28.Rxd4+ Rd7 29.Rc4 Bd6
30.Qxc8+ Ke7 31.Qg8  1-0